| 000 | 00990nam a2200241Ia 4500 | ||
|---|---|---|---|
| 003 | PE SENCICO BE | ||
| 005 | 20251020182534.0 | ||
| 008 | 200515s9999 xx 000 0 und d | ||
| 020 | _a978-84-252-2190-3 | ||
| 040 |
_aPE SENCICO BE _cPE SENCICO BE |
||
| 041 | _aspa | ||
| 082 |
_a724.7 _bM77 |
||
| 100 | 1 |
_aMontaner, Josep María _9365 _eautor |
|
| 245 | 1 | 0 |
_aSistemas arquitectónicos contemporáneos / _cJosep Maria Montaner |
| 260 |
_aBarcelona: _bGustavo Gili, _c2008 |
||
| 300 |
_bil. _a[5], 223 p. : _c24 cm. |
||
| 520 | 3 | _aPlantea una visión nueva de la arquitectura contemporánea desde principios del siglo XX hasta principios del siglo XXI que parte de la crisis del objeto aislado y pone especialidad énfasis en las relaciones entre edificios y en los valores del espacio púb | |
| 650 | 1 | 4 |
_aArquitectura contemporánea _9472 |
| 650 | 2 | 4 |
_aDiseño arquitectónico _918 |
| 942 |
_cLIB _2ddc _h724.7 _iM77 |
||
| 999 |
_c2166 _d2166 |
||